Premier League all time clubs - Statistics

General Stats
  • This quiz has been taken 107 times
  • The average score is 39 of 51
Answer Stats
Years Spent Answer % Correct
28 Years Manchester City
100%
33 Years Manchester United
100%
33 Years Arsenal
99%
33 Years Chelsea
95%
33 Years Liverpool
95%
30 Years Aston Villa
93%
30 Years Newcastle United
92%
33 Years Tottenham Hotspur
92%
33 Years Everton
89%
16 Years Sunderland
89%
29 Years West Ham United
88%
4 Years Brentford
86%
16 Years Crystal Palace
86%
10 Years Norwich City
86%
8 Years Nottingham Forest
86%
18 Years Blackburn Rovers
83%
9 Years Burnley
83%
18 Years Fulham
83%
18 Years Leicester City
83%
1 Year Luton Town
83%
6 Years Sheffield United
82%
8 Years Brighton & Hove Albion
81%
2 Years Cardiff City
81%
25 Years Southampton
81%
7 Years Swansea City
81%
8 Years Bournemouth
80%
15 Years Leeds United
80%
11 Years Wolverhampton Wanderers
80%
7 Years Birmingham City
78%
9 Years Derby County
77%
6 Years Ipswich Town
77%
13 Years West Bromwich Albion
77%
8 Years Sheffield Wednesday
75%
1 Year Blackpool
73%
5 Years Hull City
72%
7 Years Portsmouth
72%
13 Years Bolton Wanderers
70%
10 Years Stoke City
69%
8 Years Watford
67%
2 Years Huddersfield Town
66%
7 Years Queen Park Rangers
64%
9 Years Coventry City
63%
3 Years Reading
63%
1 Year Barnsley
60%
2 Years Bradford City
59%
8 Years Wigan Athletic
59%
15 Years Middlesborough
54%
8 Years Wimbledon
54%
2 Years Oldham Athletic
53%
8 Years Charlton Athletic
51%
1 Year Swindon Town
47%
No matching quizzes found
Score Distribution
Percent of People with Each Score
Percentile by Number Answered
Your Score History
You have not taken this quiz